छत पर वह कमरा / (Record no. 114513)

MARC details
000 -LEADER
fixed length control field 01190nam a22002897a 4500
003 - CONTROL NUMBER IDENTIFIER
control field dpl
005 - DATE AND TIME OF LATEST TRANSACTION
control field 20180723145526.0
008 - FIXED-LENGTH DATA ELEMENTS--GENERAL INFORMATION
fixed length control field 180723b xxu||||| |||| 00| 0 eng d
010 ## - LIBRARY OF CONGRESS CONTROL NUMBER
LC control number A-956136
020 ## - INTERNATIONAL STANDARD BOOK NUMBER
Terms of availability 110.00
International Standard Book Number 8170433827
035 ## - SYSTEM CONTROL NUMBER
System control number A-956136, A-956163
037 ## - SOURCE OF ACQUISITION
Source of stock number/acquisition Cen Lib/Ret
040 ## - CATALOGING SOURCE
Original cataloging agency DPL
Language of cataloging HN
Transcribing agency 0
082 ## - DEWEY DECIMAL CLASSIFICATION NUMBER
Classification number
Item number बॉण्डर
100 ## - MAIN ENTRY--PERSONAL NAME
Personal name बॉण्ड, रस्किन
9 (RLIN) 57117
245 ## - TITLE STATEMENT
Title छत पर वह कमरा /
Statement of responsibility, etc रस्किन बॉण्ड; अनुवादक उमा पाठक
246 ## - VARYING FORM OF TITLE
Title proper/short title Chhat par vah kamra /
Remainder of title by Raskin Bond; anuwadak Uma Pathak
260 ## - PUBLICATION, DISTRIBUTION, ETC. (IMPRINT)
Place of publication, distribution, etc दिल्ली
Name of publisher, distributor, etc आत्माराम एंड संस
Date of publication, distribution, etc 1999
270 ## - ADDRESS
City दिल्ली
Address कश्मीरी गेट
Postal code 110006
300 ## - PHYSICAL DESCRIPTION
Extent 123पृ.
Dimensions 20मी(सजिल्द)
650 ## - SUBJECT ADDED ENTRY--TOPICAL TERM
Topical term or geographic name as entry element हिन्दी साहित्य
9 (RLIN) 57118
650 ## - SUBJECT ADDED ENTRY--TOPICAL TERM
Topical term or geographic name as entry element हिन्दी साहित्य -- उपन्यास
9 (RLIN) 46379
650 ## - SUBJECT ADDED ENTRY--TOPICAL TERM
Topical term or geographic name as entry element Hindi literature
9 (RLIN) 57119
650 ## - SUBJECT ADDED ENTRY--TOPICAL TERM
Topical term or geographic name as entry element Hindi literature -- Fiction
9 (RLIN) 57120
700 ## - ADDED ENTRY--PERSONAL NAME
Personal name पाठक, उमा
9 (RLIN) 57121
942 ## - ADDED ENTRY ELEMENTS (KOHA)
Source of classification or shelving scheme Dewey Decimal Classification
Koha item type Hindi Books
Classification part
Call number suffix बॉण्डर
Holdings
Withdrawn status Lost status Damaged status Not for loan Home library Current library Date acquired Source of acquisition Cost, normal purchase price Total Checkouts Full call number Barcode Date last seen Date checked out Copy number Cost, replacement price Price effective from Koha item type Public note Source of classification or shelving scheme Collection code
Written off       Central Library Central Library 18/08/2015 Cen Lib/Ret 110.00 1 उ बॉण्डर A-956136 24/06/2018 06/06/2018 1 110.00 18/08/2015 Hindi Books Written off on approval by DLB (By Circulation); dtd 15-06-2023    
Written off       Central Library Central Library 25/10/2016 Cen Lib/Ret 110.00   उ बॉण्डर A-956190 25/10/2016   2 110.00 25/10/2016 Hindi Books Written off on approval by DLB (By Circulation); dtd 15-06-2023 Dewey Decimal Classification  
        Shahdara Branch Shahdara Branch 23/07/2018 BPPD/PUB 110.00   उ बॉण्डर A-956163 23/07/2018     110.00 23/07/2018 Hindi Books   Dewey Decimal Classification Fiction

© Delhi Public Library
Hit Counter
free hit counter